| Tag |
First Indicator |
Second Indicator |
Subfields |
| LEADER |
00000pam a2200000 a 4500 |
| 001 |
in00000083793 |
| 005 |
20151008054312.0 |
| 008 |
801103s1981 paua 00110 engm |
| 010 |
|
|
|a 80027232
|
| 020 |
|
|
|a 0811708748 :
|c $17.95
|
| 020 |
|
|
|z 0811720790 (pbk.) :
|c $12.95
|
| 035 |
|
|
|a (OCoLC)07246680
|
| 035 |
|
|
|9 AAJ0258AM
|
| 040 |
|
|
|a DLC
|c DLC
|d m.c.
|d TXA
|d UtOrBLW
|
| 049 |
|
|
|a TXAM
|c [1441987]
|
| 050 |
0 |
0 |
|a SH687
|b .H774 1981
|
| 082 |
0 |
|
|a 799.1/755
|2 19
|
| 100 |
1 |
|
|a Humphreys, Joseph B.,
|d 1929-
|
| 245 |
1 |
0 |
|a Joe Humphreys's trout tactics /
|c Joseph B. Humphreys ; foreword by George W. Harvey ; illustrated by George Lavanish.
|
| 264 |
|
1 |
|a Harrisburg, Pa. :
|b Stackpole Books,
|c 1981.
|
| 300 |
|
|
|a 191 pages :
|b illustrations ;
|c 24 cm.
|
| 336 |
|
|
|a text
|b txt
|2 rdacontent
|
| 337 |
|
|
|a unmediated
|b n
|2 rdamedia
|
| 338 |
|
|
|a volume
|b nc
|2 rdacarrier
|
| 500 |
|
|
|a Includes index.
|
| 650 |
|
0 |
|a Trout fishing.
|
| 650 |
|
0 |
|a Fly fishing.
|
| 740 |
0 |
|
|a Trout tactics.
|
| 999 |
|
|
|a MARS
|
| 999 |
f |
f |
|s 0a66c376-b9fc-3e85-adc0-bbc7f7b10f05
|i 54d82bda-51cd-3ae0-b7b1-a5b098cb3d7d
|t 0
|
| 952 |
f |
f |
|p ric
|a Texas A&M University
|b Rellis Campus
|c Joint Library Facility
|d Remote Storage
|t 0
|e SH687 .H774 1981
|h Library of Congress classification
|i unmediated -- volume
|m A14806239735
|
| 998 |
f |
f |
|a SH687 .H774 1981
|t 0
|l Remote Storage
|